Regions and Autonomous City of Belarus - Statistics

General Stats
  • This quiz has been taken 19 times
  • The average score is 6 of 7
Answer Stats
Answer % Correct
Brest
100%
Minsk
100%
Minsk
100%
Gomel
82%
Vitebsk
82%
Mogilev
73%
Grodno
64%
No matching quizzes found
Score Distribution
Percent of People with Each Score
Percentile by Number Answered
Your Score History
You have not taken this quiz